000 00526 a2200181 4500
001 135751
020 _a978-85-99519-20-2
040 _cLeonardo Da Vinci
041 _aPortuguês
082 _a981 L55b
_bL55b
100 _aLEITE JÚNIOR, Alcides Domingues
245 _aBrasil
_ba trajetória de um país forte
260 _bTrevisan
_c2009
_aSão Paulo
300 _a284
362 _a20090000
697 _aHistória
_aEconômia
_aBrasil
_aCondições sociais
_aPOlítica e governo
_aInclusão social
_aFIPEN
942 _cBK
999 _c135751
_d135751